[Event "2019 Standard Chess Dropout Tournament, Round 4"]
[Site "SchemingMind.com"]
[Date "2019.12.14"]
[Round "4"]
[White "Dan Geana"]
[Black "Sebastian Strauchler"]
[Result "1-0"]
[WhiteCountry "ROU"]
[BlackCountry "ARG"]
[WhiteElo "2621"]
[WhiteRD "119"]
[BlackElo "2260"]
[BlackRD "124"]
[GameID "448964"]

1. e4 c5 2. Nf3 Nc6 3. d4 cxd4 4. Nxd4 g6 5. c4 Nf6 6. Nc3 Nxd4 7. Qxd4 d6 8. Be2 Bg7 9. Be3 O-O 10. Qd2 a5
11. O-O a4 12. Bd4 Be6 13. f4 Qa5 14. Rad1 Rfc8 15. b3 axb3 16. axb3 Qb4 17. Qe3 Qxb3 18. Rb1 Qa3 19. e5 dxe5 20. fxe5 Ng4
21. Bxg4 Bxg4 22. Nd5 Qxe3+ 23. Bxe3 Rxc4 24. Nb6 Re4 25. Nxa8 Rxe3 26. Rfe1 Rxe5 27. Rxe5 Bxe5 28. Rxb7= Bd6 29. Nc7 Be2 30. Rb8+ Kg7
31. Ne8+ Kh6 32. Nxd6 exd6 33. Rd8 Kg5 34. Rxd6 h5 35. Rd5+ f5 36. Kf2 Ba6 37. Rd6 Bb7 38. g3 Kh6 39. h4 Be4 40. Ke3 Bc2
41. Kf4 Bb1 42. Ke5 Bc2 43. Kf6
1-0

[Event "2019 Standard Chess Dropout Tournament, Round 4"]
[Site "SchemingMind.com"]
[Date "2019.12.14"]
[Round "4"]
[White "Ragged Rook"]
[Black "MichaelG"]
[Result "0-1"]
[WhiteCountry "ENG"]
[BlackCountry "GER"]
[WhiteElo "1821"]
[WhiteRD "105"]
[BlackElo "1882"]
[BlackRD "80"]
[GameID "448967"]

1. e4 e6 2. e5 d5 3. d4 c5 4. c3 Nc6 5. Nf3 Qb6 6. a3 c4 7. Nbd2 f6 8. Be2 fxe5 9. Nxe5 Nxe5 10. dxe5 Bc5
11. O-O Ne7 12. b4 cxb3 13. Nxb3 O-O 14. Nxc5 Qxc5 15. Qd3 Qc7 16. Bg5 Rf7 17. f4 Bd7 18. Bh5 Qc5+ 19. Kh1 Rff8 20. Rab1 b6
21. c4 Nf5 22. cxd5 a6 23. dxe6 Bxe6 24. Rfc1 Qd5 25. Qxd5 Bxd5 26. Bg4 h6 27. Bxf5 Rxf5 28. Bh4 Rxf4 29. Bg3 Re4 30. Rxb6 Rc4
31. Rxc4 Bxc4 32. a4 Rd8 33. Rd6 Rb8 34. h4 Rb1+ 35. Kh2 Rb2 36. Kh3 a5 37. Bf4 Rb4 38. Kg4 Rxa4 39. Kf5 Bb3 40. g3 Bc2+
41. Ke6 Rc4 42. Rd8+ Kh7 43. h5 a4 44. Kf7 Bb3 45. e6 Re4 46. Rd6 a3 47. Ke7 a2
0-1

[Event "2019 Standard Chess Dropout Tournament, Round 4"]
[Site "SchemingMind.com"]
[Date "2019.12.14"]
[Round "4"]
[White "sbb"]
[Black "Thomas Jacob Kelly"]
[Result "1-0"]
[WhiteCountry "USA"]
[BlackCountry "USA"]
[WhiteElo "2499"]
[WhiteRD "99"]
[BlackElo "1796"]
[BlackRD "79"]
[GameID "448968"]

1. d4 e6 2. c4 Nf6 3. g3 c5 4. d5 b5 5. dxe6 Bb7 6. exf7+ Kxf7 7. Nf3 h6 8. Bg2 Kg8 9. cxb5 Qa5+ 10. Nc3 Ne4
11. Ne5 Nxc3 12. Qb3+ d5 13. bxc3 Qd8 14. Nc6
1-0

[Event "2019 Standard Chess Dropout Tournament, Round 4"]
[Site "SchemingMind.com"]
[Date "2019.12.14"]
[Round "4"]
[White "smothered mate"]
[Black "Massey Ferguson"]
[Result "0-1"]
[WhiteCountry "POL"]
[BlackCountry "ENG"]
[WhiteElo "2239"]
[WhiteRD "80"]
[BlackElo "2254"]
[BlackRD "110"]
[GameID "448969"]

1. e4 e5 2. Nf3 Nc6 3. d4 exd4 4. Nxd4 Bc5 5. Be3 Qf6 6. c3 Nge7 7. Bc4 Ne5 8. Be2 Qg6 9. O-O d6 10. f3 O-O
11. Nd2 d5 12. Kh1 dxe4
0-1

[Event "2019 Standard Chess Dropout Tournament, Round 4"]
[Site "SchemingMind.com"]
[Date "2019.12.10"]
[Round "4"]
[White "swayne"]
[Black "Ragged Rook"]
[Result "1-0"]
[WhiteCountry "ENG"]
[BlackCountry "ENG"]
[WhiteElo "1828"]
[WhiteRD "97"]
[BlackElo "1842"]
[BlackRD "99"]
[GameID "448970"]

1. d4 d5 2. Bf4 Nf6 3. e3 c5 4. Nf3 a6 5. c3 Qb6 6. Qc2 Bg4 7. Be2 Nbd7 8. Nbd2 g6 9. O-O Bg7 10. h3 Bf5
11. Qb3 Qxb3 12. axb3 O-O 13. dxc5 Nxc5 14. Rfd1 Bc2 15. Rdc1 Bxb3 16. Ra3 Bc4 17. Nxc4 dxc4 18. Bxc4 b5 19. Be2 Nfe4 20. b4 Ne6
21. Be5 Bxe5 22. Nxe5 Nd2 23. Ra2 Rfd8 24. Nc6 Nb3 25. Rd1 Rxd1+ 26. Bxd1 Nc1 27. Rd2 Kf8 28. Bf3 Rc8 29. h4 Ke8 30. g4 h6
31. Rc2 Nd3 32. Ra2 Nd8 33. Rxa6 Nxc6 34. Bxc6+ Kd8 35. Bxb5 Rxc3 36. Ra8+ Kc7 37. Re8 Kd6 38. Rd8+
1-0

[Event "2019 Standard Chess Dropout Tournament, Round 4"]
[Site "SchemingMind.com"]
[Date "2019.12.14"]
[Round "4"]
[White "Udo Sprang"]
[Black "John Hamer"]
[Result "1-0"]
[WhiteCountry "NED"]
[BlackCountry "ENG"]
[WhiteElo "1948"]
[WhiteRD "116"]
[BlackElo "1990"]
[BlackRD "74"]
[GameID "448971"]

1. e4 e5 2. f4 Nc6 3. Nc3 Nf6 4. Nf3 d6 5. fxe5 Nxe5 6. d4 Ng6 7. Bc4 Be7 8. O-O O-O 9. Qd3 Re8 10. Ng5 Rf8
11. Qg3 Qd7 12. Nd5 Nxd5 13. Bxd5 Bf6 14. Be3 Qe7 15. h4 c6 16. Bc4 b5 17. Bb3 Bxg5 18. Bxg5 Qxe4 19. Qxd6 Bf5 20. Rae1 Qg4
21. Qxc6 Qxd4+ 22. Kh1 Rac8 23. Qf3 Bxc2 24. Bxf7+ Kh8 25. Qd5 Qxb2 26. h5 h6= 27. hxg6 b4 28. Be3 Rcd8 29. Qh5 Rd6 30. Bxh6
1-0

[Event "2019 Standard Chess Dropout Tournament, Round 5"]
[Site "SchemingMind.com"]
[Date "2020.04.19"]
[Round "5"]
[White "frankly"]
[Black "Massey Ferguson"]
[Result "1-0"]
[WhiteCountry "ENG"]
[BlackCountry "ENG"]
[WhiteElo "2586"]
[WhiteRD "70"]
[BlackElo "2233"]
[BlackRD "111"]
[GameID "453980"]

1. e4 c5 2. Nf3 g6 3. d4 cxd4 4. Nxd4 Nc6 5. Nc3 Bg7 6. Be3 Nf6 7. Bc4 O-O 8. Bb3 d6 9. f3 Bd7 10. Qd2 Nxd4
11. Bxd4 b5 12. h4 a5 13. h5 a4 14. Bd5 b4 15. Ne2 e5 16. Bxa8 exd4 17. h6 Bh8 18. Bd5 Nxd5 19. exd5 a3 20. Rb1 Re8
21. Kd1 d3 22. cxd3 axb2 23. Rxb2 Ba4+ 24. Kc1 Qc7+ 25. Kb1 Bxb2 26. Qxb2 Qc2+ 27. Qxc2 Bxc2+= 28. Kxc2 Rxe2+ 29. Kb3 Rxg2 30. Rh4 Kf8
31. Rxb4 Rd2 32. a4 Rxd3+ 33. Kc4 Rxf3 34. a5 Ra3 35. Kb5 Ke7 36. a6 Kd8 37. Kb6 f5 38. a7 g5 39. Rc4
1-0

[Event "2019 Standard Chess Dropout Tournament, Round 5"]
[Site "SchemingMind.com"]
[Date "2020.04.23"]
[Round "5"]
[White "Massey Ferguson"]
[Black "Dan Geana"]
[Result "0-1"]
[WhiteCountry "ENG"]
[BlackCountry "ROU"]
[WhiteElo "2227"]
[WhiteRD "114"]
[BlackElo "2644"]
[BlackRD "114"]
[GameID "453981"]

1. e4 c5 2. Nf3 d6 3. d4 cxd4 4. Nxd4 Nf6 5. Nc3 a6 6. a4 g6 7. Be2 Bg7 8. O-O O-O 9. Be3 Nc6 10. Qd2 Bd7
11. f3 Rc8 12. Nxc6 Bxc6 13. a5 Nd7 14. Rfd1 Qc7 15. Qe1 f5 16. Bc4+ Kh8 17. Be6 fxe4 18. fxe4 Rce8 19. b4 Rf6 20. Nd5 Bxd5
21. exd5 Ref8 22. Qh4 Ne5 23. Rac1 Nc4 24. Bg5 Rf2 25. Rd3= b5 26. Qxh7+ Kxh7 27. Rh3+ Bh6 28. Bxh6 R8f7 29. Be3+ Kg7 30. Bxf2 Rxf2
31. Kxf2 Qa7+ 32. Ke2 Qd4 33. Rf1 Qd2+ 34. Kf3 Qe3+ 35. Kg4 Ne5+ 36. Kh4 g5+ 37. Kh5 Qe4 38. Kxg5 Qxg2+ 39. Rg3 Qxf1 40. Kh5+ Kf6
0-1

[Event "2019 Standard Chess Dropout Tournament, Round 5"]
[Site "SchemingMind.com"]
[Date "2020.04.24"]
[Round "5"]
[White "William Lindberg"]
[Black "Keithk"]
[Result "1/2-1/2"]
[WhiteCountry "USA"]
[BlackCountry "ENG"]
[WhiteElo "2458"]
[WhiteRD "65"]
[BlackElo "2608"]
[BlackRD "78"]
[GameID "453986"]

1. e4 e5 2. Nf3 Nc6 3. Bb5 a6 4. Ba4 Nf6 5. O-O Be7 6. Bxc6 dxc6 7. d3 Nd7 8. Re1 O-O 9. Nbd2 c5 10. Nc4 f6
11. c3 Rf7 12. Ne3 Nf8 13. Qc2 b6 14. Rd1 Ne6 15. Nf5 Bf8 16. d4 cxd4 17. cxd4 exd4 18. N3xd4 Qe8 19. Be3 Nc5 20. f3 a5
21. Bf2 Bb7 22. Nb3 Ne6 23. Nbd4 Nc5 24. Nb3 Ne6 25. Nbd4 Nxd4 26. Rxd4 g6 27. Ne3 Qe6 28. Nd5 Bc5 29. Rd2 Bxd5 30. Rxd5 Bxf2+
31. Kxf2 f5 32. Qb3 Re8 33. Rd8 Rff8 34. Rxe8 Rxe8 35. Qxe6+ Rxe6 36. exf5 gxf5 37. Rc1 Rd6 38. Rxc7 Rd2+ 39. Kg3 Rxb2 40. a3 f4+
41. Kxf4 Rxg2 42. h4 Ra2 43. Rc6 b5 44. Rb6 Rxa3 45. Rxb5 Kg7=
1/2-1/2

[Event "2019 Standard Chess Dropout Tournament, Round 5"]
[Site "SchemingMind.com"]
[Date "2020.04.24"]
[Round "5"]
[White "Keithk"]
[Black "Robert Pallett"]
[Result "1-0"]
[WhiteCountry "ENG"]
[BlackCountry "ENG"]
[WhiteElo "2591"]
[WhiteRD "76"]
[BlackElo "2376"]
[BlackRD "99"]
[GameID "453987"]

1. e4 e5 2. Nf3 Nc6 3. d4 exd4 4. Nxd4 Nf6 5. Nxc6 bxc6 6. Nc3 Bb4 7. Bd3 O-O 8. Qf3 Re8 9. O-O Rb8 10. Be3 Ba5
11. e5 Rxe5 12. Bxa7 Rb4 13. a3 Rh4 14. b4 Bb6 15. Bxb6 cxb6 16. Rfe1 Rhh5 17. Ne4 Nxe4 18. Rxe4 d5 19. Rxe5 Rxe5 20. a4 Qd6
21. Qf4 g6 22. Bf1 Ba6 23. a5 bxa5 24. bxa5 c5 25. Rb1 d4 26. h4 Bxf1 27. Rxf1 f6 28. g3 Kg7 29. Ra1 Qa6 30. Qd2 Re6
31. Rb1 Re7 32. Rb6 Qe2 33. Qf4 Rf7 34. Qc1 f5 35. Qf4 Qe1+ 36. Kh2 Qxa5 37. Rc6 Qc3 38. h5 Qxc2 39. h6+ Kg8 40. Re6
1-0

[Event "2019 Standard Chess Dropout Tournament, Round 5"]
[Site "SchemingMind.com"]
[Date "2020.06.02"]
[Round "5"]
[White "Austin Lockwood"]
[Black "bmariusz"]
[Result "0-1"]
[WhiteCountry "ENG"]
[BlackCountry "POL"]
[WhiteElo "1646"]
[WhiteRD "132"]
[BlackElo "2112"]
[BlackRD "121"]
[GameID "455739"]

1. e4 e5 2. Nf3 Nc6 3. Bb5 Nf6 4. O-O Nxe4 5. d4 Nd6 6. Bxc6 dxc6 7. dxe5 Nf5 8. Qxd8+ Kxd8 9. Nc3 Be7 10. Rd1+ Ke8
11. Bg5 Bxg5 12. Nxg5 Ke7 13. Rd2 h6 14. Nf3 Rd8 15. Rxd8 Kxd8 16. Rd1+ Ke8 17. Ne4 b6 18. g4 Ne7 19. h3 Be6 20. a4 Bd5
21. Rd4 c5 22. Rxd5 Nxd5 23. h4 Nb4 24. c3 Nd3
0-1

[Event "2019 Standard Chess Dropout Tournament, Round 5"]
[Site "SchemingMind.com"]
[Date "2020.06.03"]
[Round "5"]
[White "bmariusz"]
[Black "Don71"]
[Result "1-0"]
[WhiteCountry "POL"]
[BlackCountry "NIR"]
[WhiteElo "2189"]
[WhiteRD "121"]
[BlackElo "2292"]
[BlackRD "107"]
[GameID "455740"]

1. e4 e5 2. Nf3 Nc6 3. Bb5 a6 4. Bxc6 dxc6 5. O-O Bg4 6. h3 Bh5 7. d3 Bd6 8. Be3 Nf6 9. Nbd2 O-O 10. Re1 Re8
11. a3 Nd7 12. g4 Bg6 13. Nf1 a5 14. Ng3 a4 15. h4 f6 16. h5 Bf7 17. Nf5 c5 18. Kg2 Nf8 19. h6 g6 20. Ng7 Re7
21. g5 f5 22. exf5 Qd7 23. Kg1 gxf5 24. Bd2 Ng6 25. Nh5 Qc6 26. Re3 b5 27. Qe2 Kh8 28. Re1 f4 29. Re4 Bd5 30. Nf6 Bxe4
31. Qxe4 Qxe4 32. Rxe4 c6 33. Kg2 Rb8 34. Re1 Re6 35. Kh3 Rd8 36. Kg4 Rf8 37. Ne4 Be7 38. Ba5 Kg8 39. Bc7 b4 40. Bb6 bxa3
41. bxa3 c4 42. dxc4 Nh8 43. Bc5 Ng6 44. Bxe7 Rxe7 45. Rb1 Rc8 46. Rb6 Kh8 47. Ra6 Ree8 48. c5 Re7 49. Rxa4 Rf8 50. Ra6 Rc8
51. a4 Kg8 52. a5 Kh8 53. Nfd2 Rec7 54. Nf6 Rb8 55. Nde4
1-0

[Event "2019 Standard Chess Dropout Tournament, Round 5"]
[Site "SchemingMind.com"]
[Date "2020.06.03"]
[Round "5"]
[White "Robert Bruce"]
[Black "Udo Sprang"]
[Result "1-0"]
[WhiteCountry "SCO"]
[BlackCountry "NED"]
[WhiteElo "2450"]
[WhiteRD "66"]
[BlackElo "1920"]
[BlackRD "110"]
[GameID "455741"]

1. f4 d5 2. Nf3 c5 3. e3 Nf6 4. d4 Nc6 5. Be2 Bg4 6. b3 e6 7. c3 Be7 8. Nbd2 O-O 9. Ne5 Bxe2 10. Qxe2 Qa5
11. Qd3 Nxe5 12. dxe5 Ne4 13. c4 Rad8 14. cxd5 exd5 15. O-O Qb6 16. Nxe4 dxe4 17. Qxe4 Rd7 18. Bb2 Qc6 19. Qxc6 bxc6 20. Rfd1 Rfd8
21. Rxd7 Rxd7 22. Ba3 Rb7 23. Rc1 Rb5 24. Rc2 Ra5 25. Bc1 Rb5 26. Kf2 h6 27. g4 g6 28. Bd2 Rb7 29. e4 g5 30. f5 f6
31. e6 Bd6 32. Bc3 Kg7 33. Rd2 Be7 34. e5
1-0

[Event "2019 Standard Chess Dropout Tournament, Round 5"]
[Site "SchemingMind.com"]
[Date "2020.05.31"]
[Round "5"]
[White "Don71"]
[Black "Austin Lockwood"]
[Result "1-0"]
[WhiteCountry "NIR"]
[BlackCountry "ENG"]
[WhiteElo "2348"]
[WhiteRD "104"]
[BlackElo "1646"]
[BlackRD "132"]
[GameID "455742"]

1. e4 e5 2. Nf3 Nc6 3. d4 exd4 4. Nxd4 Nf6 5. Nxc6 bxc6 6. e5 Qe7 7. Qe2 Nd5 8. c4 Ba6 9. Nd2 Nb4 10. Nf3 d5
11. a3 Bxc4 12. Qd1 Bxf1 13. Rxf1 Na6 14. Qa4 Nb8 15. Be3 g6 16. O-O-O Qd7 17. Rfe1 Bg7 18. Qb4 Qc8 19. Bg5 Bf8 20. Qh4 Bg7
21. Bh6 Bxh6+ 22. Qxh6 Na6 23. Qg7 Rf8 24. e6 fxe6 25. Ng5 Nc5 26. Rxe6+ Qxe6 27. Nxe6 Nxe6 28. Re1
1-0

[Event "2019 Standard Chess Dropout Tournament, Round 6"]
[Site "SchemingMind.com"]
[Date "2020.10.26"]
[Round "6"]
[White "William Lindberg"]
[Black "frankly"]
[Result "1/2-1/2"]
[WhiteCountry "USA"]
[BlackCountry "ENG"]
[WhiteElo "2416"]
[WhiteRD "66"]
[BlackElo "2598"]
[BlackRD "69"]
[GameID "461404"]

1. c4 e5 2. Nc3 Nf6 3. Nf3 Nc6 4. e3 Bb4 5. Qc2 Bxc3 6. Qxc3 d6 7. b4 O-O 8. b5 Ne7 9. Be2 Ng6 10. O-O c5
11. a4 Re8 12. a5 Bf5 13. Bb2 Qe7 14. Rfc1 Ne4 15. Qb3 Rad8 16. d3 Ng5 17. Qc2 Bg4 18. Nxg5 Qxg5 19. Bxg4 Qxg4 20. h3 Qg5
21. Kh2 d5 22. cxd5 Rxd5 23. Ra3 h6 24. g3 b6 25. Rca1 Rd6 26. axb6 axb6 27. Ra8 Red8 28. R1a3 Kh7 29. d4 Rxa8 30. Rxa8 exd4
31. exd4 cxd4 32. Qd3 Rd5 33. Ra7 Qf6 34. Kg2 Qe6 35. Ba1 Kg8 36. Bxd4 Kh7 37. Kh2 Rd6 38. Ra4 Qd5 39. Rb4 h5 40. Qc2 h4
41. Be3 hxg3+ 42. fxg3 Rf6 43. Rb2 Re6 44. Bf2 Kg8=
1/2-1/2

[Event "2019 Standard Chess Dropout Tournament, Round 6"]
[Site "SchemingMind.com"]
[Date "2020.10.30"]
[Round "6"]
[White "pjl1015"]
[Black "Keithk"]
[Result "1-0"]
[WhiteCountry "USA"]
[BlackCountry "ENG"]
[WhiteElo "2453"]
[WhiteRD "106"]
[BlackElo "2502"]
[BlackRD "81"]
[GameID "461406"]

1. d4 d5 2. c4 c6 3. Nf3 Nf6 4. e3 e6 5. Bd3 Nbd7 6. Nbd2 Bd6 7. O-O O-O 8. e4 e5 9. cxd5 cxd5 10. Re1 h6
11. b3
1-0

[Event "2019 Standard Chess Dropout Tournament, Round 6"]
[Site "SchemingMind.com"]
[Date "2020.10.28"]
[Round "6"]
[White "Ramesh Panwar"]
[Black "Dan Geana"]
[Result "1/2-1/2"]
[WhiteCountry "IND"]
[BlackCountry "ROU"]
[WhiteElo "2557"]
[WhiteRD "83"]
[BlackElo "2657"]
[BlackRD "127"]
[GameID "461407"]

1. d4 d5 2. Nf3 Nf6 3. c4 e6 4. Nc3 Be7 5. Bf4 O-O 6. e3 b6 7. Bd3 dxc4 8. Bxc4 Ba6 9. Bxa6 Nxa6 10. O-O c5
11. Qe2 Qc8 12. e4 cxd4 13. Nxd4 Rd8 14. Rad1 Qb7 15. Ndb5 Nc5 16. e5 Nfe4 17. Nxe4 Qxe4 18. Qxe4 Nxe4 19. Rxd8+ Rxd8 20. Nxa7 Bc5
21. b4 Bxf2+ 22. Rxf2 Nxf2 23. Nc6 Nd3 24. Nxd8 Nxf4 25. a4 Nd3 26. a5 bxa5 27. bxa5 Nxe5 28. Kf2 Kf8 29. a6 Nc4 30. Nc6 f6
31. a7 Nb6 32. Ke3 e5 33. Ke4 Kf7 34. Na5 Ke6 35. Nc4 f5+ 36. Kd3 Na8 37. Kc3=
1/2-1/2